Corby Group Litigation v Corby District Council (Record no. 81763)
[ view plain ]
| 000 -LEADER | |
|---|---|
| fixed length control field | 02004cad a22002055a 4500 |
| 001 - CONTROL NUMBER | |
| control field | L148252 |
| 008 - FIXED-LENGTH DATA ELEMENTS--GENERAL INFORMATION | |
| fixed length control field | 090824e20092907xxk f v 001 0 eng d |
| 035 ## - SYSTEM CONTROL NUMBER | |
| System control number | (Sirsi) u148252 |
| 041 0# - LANGUAGE CODE | |
| Language code of text/sound track or separate title | eng |
| 245 00 - TITLE STATEMENT | |
| Title | Corby Group Litigation v Corby District Council |
| Medium | [electronic resource] |
| 260 ## - PUBLICATION, DISTRIBUTION, ETC. | |
| Date of publication, distribution, etc. | 2009 |
| 520 ## - SUMMARY, ETC. | |
| Summary, etc. | [2009] EWHC 1944 (TCC), 29 July 2009. The case relates to the negligence and nuisance of a local authority in the operation of reclamation of a steel site causing birth defects to children. Corby Group Litigation (C) alleged Corby District Council (D) negligence, breach of statutory duty and public nuisance in relation to the reclamation of an industrial site in Corby. Between 1986 to 1999, children were born with birth defects due to their pregnant mothers ingesting or inhaling hazardous substances from the site. The judge had to consider a number of issues common to C and establish the necessary basis for determination of liability to each child. "Held:" D was in breach of duty of care for not carrying out the reclamation safely enough to avoid the propagation of hazardous toxics through dust and mud to C's mothers before or during pregnancy. The contaminants had the ability to cause limb defects and this was proven by the amount of children suffering from birth defects in Corby between 1989 to 1998. D was also in breach of statutory duty in relation to Environmental Protection Act 1990 s. 34. D was liable of breach of statutory duty, negligence and nuisance to C as long as each individual claimant could prove the link between its birth defects and D's faults. |
| 590 ## - LOCAL NOTE (RLIN) | |
| Local note | KA NTK |
| 650 24 - SUBJECT ADDED ENTRY--TOPICAL TERM | |
| Topical term or geographic name entry element | CORBY GROUP LITIGATION V CORBY DISTRICT COUNCIL |
| 650 24 - SUBJECT ADDED ENTRY--TOPICAL TERM | |
| Topical term or geographic name entry element | ENVIRONMENTAL PROTECTION ACT 1990 S34 |
| 651 #4 - SUBJECT ADDED ENTRY--GEOGRAPHIC NAME | |
| Geographic name | England and Wales |
| Chronological subdivision | 1543- |
| 690 ## - LOCAL SUBJECT ADDED ENTRY--TOPICAL TERM (OCLC, RLIN) | |
| Topical term or geographic name as entry element | ENVIRONMENTAL AND LAND CONSULTANCY-WASTE MANAGEMENT-HAZARDOUS WASTE TREATMENT |
| 856 40 - ELECTRONIC LOCATION AND ACCESS | |
| Uniform Resource Identifier | <a href="https://www.bailii.org/ew/cases/EWHC/TCC/2009/1944.html">https://www.bailii.org/ew/cases/EWHC/TCC/2009/1944.html</a> |
| Public note | View the case free of charge at www.bailli.org... |
| 942 ## - ADDED ENTRY ELEMENTS (KOHA) | |
| Suppress in OPAC | 0 |
| Withdrawn status | Lost status | Source of classification or shelving scheme | Damaged status | Not for loan | Home library | Current library | Shelving location | Date acquired | Total Checkouts | Full call number | Barcode | Date last seen | Copy number | Price effective from | Koha item type |
|---|---|---|---|---|---|---|---|---|---|---|---|---|---|---|---|
| Dewey Decimal Classification | Virtual | Virtual | Online | 24/08/2009 | ONLINE PUBLICATION | 148252-2001 | 06/08/2019 | 1 | 06/08/2019 | Law report |